|
|
|
|
| LEADER |
00000ny a22000003n 4500 |
| 005 |
20110623101920.0 |
| 008 |
080304s2008 sp a na 001 0 spa c |
| 017 |
|
|
|a D.L. B.13210-2008
|
| 020 |
|
|
|a 8476988044
|
| 035 |
|
|
|a 2161
|
| 040 |
|
|
|a UMA.DER
|d vLex
|
| 040 |
|
|
|a UMA.RE
|d vLex
|
| 080 |
|
|
|a 336.02:061.235
|
| 090 |
|
|
|c 1030
|d 1030
|
| 100 |
1 |
|
|a Delgado Garca̕, Ana Mara̕
|
| 245 |
1 |
0 |
|a Fiscalidad de las ONG
|h [Recurso electrn̤ico]
|c Ana Mara̕ Delgado Garca̕, Rafael Oliver Cuello
|
| 256 |
|
|
|a Servicio en ln̕ea
|
| 260 |
|
|
|a Barcelona :
|b Editorial Bosch, S.A.,
|c 2008
|
| 300 |
|
|
|a 191 p. ;
|c 24 cm
|
| 506 |
1 |
|
|a Contenido solo disponible en los productos indicados
|d vLex Global
|d vLex Global (Academic Edition, excluding Law Schools)
|d vLex Global (U.S. Academic Edition, Law Schools)
|d vLex Global (U.S. Academic Edition, excluding Law Schools)
|d vLex Global (Academic Edition, Law Schools)
|
| 650 |
0 |
7 |
|a Impuestos
|2 Tesauro vLex
|
| 650 |
0 |
7 |
|a Tributario
|2 Tesauro vLex
|
| 650 |
0 |
7 |
|a Derecho fiscal
|2 Tesauro vLex
|
| 650 |
0 |
7 |
|a Derecho tributario
|2 Tesauro vLex
|
| 700 |
1 |
|
|a Oliver Cuello, Rafael,
|e coaut
|
| 740 |
0 |
|
|a vLex Libros (Servicios en ln̕ea)
|
| 856 |
4 |
0 |
|u http://vlex.com/source/2161
|z Acceso restringido
|
| 942 |
|
|
|c BOOK
|